गर्भ संस्कार सवाल जवाब; The Essence of a Mother's Journey during Pregnancy; (Record no. 208670)

MARC details
000 -LEADER
fixed length control field 00762nam a22001937a 4500
005 - DATE AND TIME OF LATEST TRANSACTION
control field 20250121164304.0
010 ## - LCCN (DPL NO)
LC control number HIN-129315
020 ## - INTERNATIONAL STANDARD BOOK NUMBER
International Standard Book Number 9789390607600
Terms of availability 225.00
035 ## - SYSTEM CONTROL NUMBER
System control number HN-101616
037 ## - SOURCE OF ACQUISITION
Source of stock number/acquisition DBAD
082 ## - DEWEY DECIMAL CLASSIFICATION NUMBER
Classification number
100 ## - MAIN ENTRY--PERSONAL NAME
Personal name Tejgyan global Foundation
245 ## - TITLE STATEMENT
Title गर्भ संस्कार सवाल जवाब; The Essence of a Mother's Journey during Pregnancy;
Statement of responsibility, etc A Happy Thoughts Initiative/
Remainder of title Tejgyan global Foundation
260 ## - PUBLICATION, DISTRIBUTION, ETC. (IMPRINT)
Place of publication, distribution, etc पुणे
Name of publisher, distributor, etc वँव पब्लिशिंग्ज प्रा. लि.,
Date of publication, distribution, etc 2023
270 ## - ADDRESS
City पुणे
300 ## - PHYSICAL DESCRIPTION
Extent 152 पृ.
Dimensions 22 सेमी (अजिल्द)
700 ## - ADDED ENTRY--PERSONAL NAME
Personal name Tejgyan global Foundation
9 (RLIN) 76798
942 ## - ADDED ENTRY ELEMENTS (KOHA)
Source of classification or shelving scheme Dewey Decimal Classification
Item type Hindi Books
Classification part 573.67
Call number suffix Tej
Holdings
Withdrawn status Lost status Not for loan Collection code Home library Current library Date acquired Source of acquisition Cost, normal purchase price Full call number Barcode Copy number Cost, replacement price Koha item type
      Non-fiction New Police Line New Police Line 21/01/2025 DBAD 225.00 573.67 Tej HN-101661 1 225.00 Hindi Books

© Delhi Public Library
Hit Counter
free hit counter